Państwa Ameryki Środkowej i Karaibów - Statystyki

Ogólne statystyki
  • Ten quiz został rozwiązany 70 razy
  • Średni wynik to 17 z 20
Odpowiedzi na mapie
Odpowiedzi zakodowano w zielono-czerwonej skali na mapie do tego quizu, zgodnie z poniższymi procentami.
 
Statystyki odpowiedzi
Odpowiedź % Poprawnych
Honduras
93%
Kostaryka
93%
Nikaragua
93%
Panama
93%
Belize
90%
Dominika
90%
Gwatemala
90%
Haiti
90%
Dominikana
88%
Jamajka
88%
Kuba
88%
Trynidad i Tobago
88%
Bahamy
85%
Salwador
85%
Saint Lucia
75%
Saint Kitts i Nevis
70%
Saint Vincent i Grenadyny
70%
Antigua i Barbuda
68%
Grenada
68%
Barbados
63%
Nie znaleziono quizów pasujących do podanych kryteriów
Rozkład punktacji
Procent ludzi z każdym wynikiem
Percentyl według liczby udzielonych odpowiedzi
Twoja historia wyników
Nie rozwiązałeś tego quizu